01264nam a2200313Ia 4500001001200000003000800012006001900020007001500039008004100054020002200095020002500117040002100142035002100163050002600184245008300210246002600293260008100319300001100400504006400411533015200475650001900627650004100646650004000687655002900727700003200756710001700788856012600805999001900931ebr10359319CaPaEBRm u cr cn|||||||||090416s2009 enk gsb 001 0 eng d z1841502898 (pbk.) z9781841502892 (pbk.) aCaPaEBRcCaPaEBR a(OCoLC)52880881914aPN2091.S8bD57 2009eb00aDirectors and designersh[electronic resource] /c[edited by] Christine White.3 aDirectors & designers aBristol :bIntellect Books ;aChicago :bUniversity of Chicago Press,c2009. a272 p. aIncludes bibliographical references (p. 257-259) and index. aElectronic reproduction.bPalo Alto, Calif. :cebrary,d2010.nAvailable via World Wide Web.nAccess may be limited to ebrary affiliated libraries. 0aSet designers. 0aTheatersxStage-setting and scenery. 0aTheatrical producers and directors. 7aElectronic books.2local1 aWhite, Christine A.,d1964-2 aebrary, Inc.40uhttp://site.ebrary.com/lib/rucke/Doc?id=10359319zAn electronic book accessible through the World Wide Web; click to view c104746d104746